[Event "Verbandsliga Mittelrhein-Ost 1213"]
[Site "Germany"]
[Date "2013.05.05"]
[Round "10.8"]
[White "Pissarev, Boris"]
[Black "Humbek, Olav"]
[Result "1-0"]
[WhiteElo "1897"]
[BlackElo "1736"]
[PlyCount "97"]
[EventDate "2012.09.09"]
[EventType "team"]
[EventRounds "11"]
[EventCountry "GER"]
[SourceTitle "EXT 2015"]
[Source "ChessBase"]
[SourceDate "2014.11.20"]
[SourceVersion "1"]
[SourceVersionDate "2014.11.20"]
[SourceQuality "1"]
[WhiteTeam "Bonn Beuel"]
[BlackTeam "Lohmar"]
[WhiteTeamCountry "GER"]
[BlackTeamCountry "GER"]

1. d4 Nf6 2. Nf3 e6 3. c4 b6 4. g3 Ba6 5. Qa4 Be7 6. Bg2 Bb7 7. Nc3 0-0 8. 0-0 d5 9. Ne5 c6 10. cxd5 Nxd5 11. Nxd5 exd5 12. Rd1 b5 13. Qb3 Nd7 14. Nxd7 Qxd7 15. Bd2 Qg4 16. e3 a5 17. Rac1 a4 18. Qd3 f5 19. Qf1 Bd6 20. Qe1 Rae8 21. Bb4 Bxb4 22. Qxb4 h5 23. Qd6 f4 24. f3 Qf5 25. exf4 Rf6 26. Qb4 h4 27. Re1 Rfe6 28. Qd2 hxg3 29. hxg3 Rxe1+ 30. Rxe1 Re6 31. Rxe6 Qxe6 32. Kf2 Bc8 33. a3 Qg6 34. g4 Qh6 35. Kg3 Qd6 36. Qe3 Kf7 37. Qe5 Qxe5 38. fxe5 Be6 39. f4 g6 40. Kh4 Kg8 41. Kg5 Kg7 42. f5 gxf5 43. gxf5 Bd7 44. e6 Be8 45. f6+ Kf8 46. Bf3 Kg8 47. Bg4 Kf8 48. e7+ Kg8 49. Be6+ 1-0

[Event "Verbandsliga Mittelrhein-Ost 1213"]
[Site "Germany"]
[Date "2012.11.11"]
[Round "4.7"]
[White "Pissarev, Boris"]
[Black "Seyl, Frank"]
[Result "1/2-1/2"]
[WhiteElo "1897"]
[BlackElo "1858"]
[PlyCount "118"]
[EventDate "2012.09.09"]
[EventType "team"]
[EventRounds "11"]
[EventCountry "GER"]
[SourceTitle "EXT 2015"]
[Source "ChessBase"]
[SourceDate "2014.11.20"]
[SourceVersion "1"]
[SourceVersionDate "2014.11.20"]
[SourceQuality "1"]
[WhiteTeam "Bonn Beuel"]
[BlackTeam "Godesberg V"]
[WhiteTeamCountry "GER"]
[BlackTeamCountry "GER"]

1. d4 c5 2. d5 e5 3. c4 d6 4. Nc3 g6 5. e4 Bg7 6. Be2 Ne7 7. Be3 0-0 8. Qd2 f5 9. f3 f4 10. Bf2 a6 11. a4 b6 12. h4 h6 13. Nh3 Nd7 14. 0-0-0 b5 15. cxb5 Qa5 16. Qc2 Nb6 17. Be1 Bd7 18. b3 c4 19. bxc4 Rfc8 20. Qb3 Rc7 21. bxa6 Nxc4 22. Bxc4 Rac8 23. Kb1 Rxc4 24. Nb5 Qxa4 25. Qxa4 Rxa4 26. Nxd6 Rb8+ 27. Kc2 Rxa6 28. Rb1 Rxb1 29. Kxb1 Rxd6 30. Bc3 Bxh3 31. Rxh3 Rb6+ 32. Kc2 Nc8 33. Rh1 Nd6 34. Kd3 Nf7 35. Ra1 Bf6 36. Rh1 Ra6 37. Bb2 Ra2 38. Kc3 Be7 39. Kb3 Ra8 40. h5 g5 41. Rc1 Rb8+ 42. Ka2 Bd6 43. Rc6 Kf8 44. Ra6 Bc5 45. Rc6 Bd6 46. Ra6 Ke8 47. Ra7 Rc8 48. Kb3 Bc5 49. Ra6 Bd4 50. Re6+ Kd7 51. Ba3 Bc5 52. Bb2 Bd6 53. Rf6 Rf8 54. Re6 Re8 55. Rf6 Re7 56. Kc4 Ke8 57. Kb3 Rb7+ 58. Kc2 Rc7+ 59. Kb3 Rb7+ 1/2-1/2

[Event "Verbandsliga Mittelrhein-Ost 1213"]
[Site "Germany"]
[Date "2012.10.21"]
[Round "3.8"]
[White "Pissarev, Boris"]
[Black "Puetzkaul, Karl"]
[Result "1-0"]
[WhiteElo "1897"]
[BlackElo "1735"]
[PlyCount "115"]
[EventDate "2012.09.09"]
[EventType "team"]
[EventRounds "11"]
[EventCountry "GER"]
[SourceTitle "EXT 2015"]
[Source "ChessBase"]
[SourceDate "2014.11.20"]
[SourceVersion "1"]
[SourceVersionDate "2014.11.20"]
[SourceQuality "1"]
[WhiteTeam "Bonn Beuel"]
[BlackTeam "Bayer Leverkusen II"]
[WhiteTeamCountry "GER"]
[BlackTeamCountry "GER"]

1. d4 d5 2. Nf3 Nf6 3. c4 e6 4. Nc3 Nbd7 5. Bg5 c6 6. cxd5 exd5 7. e3 Be7 8. Bd3 0-0 9. Qc2 Re8 10. 0-0 Nf8 11. Rab1 Ne6 12. Bxf6 Bxf6 13. Bxh7+ Kh8 14. Bd3 Ng5 15. Nxg5 Bxg5 16. b4 a6 17. a4 Qe7 18. b5 axb5 19. axb5 Bd7 20. bxc6 Bxc6 21. Qe2 g6 22. Bb5 Ra3 23. Rfc1 Bf6 24. Qf3 Qd6 25. g3 Kg7 26. Qd1 Rea8 27. Rb3 Be7 28. Rcb1 Bd8 29. Qc1 Be7 30. Bxc6 bxc6 31. Rxa3 Rxa3 32. Kg2 Bd8 33. Ne2 Ra2 34. Nf4 Ra3 35. Ra1 Rxa1 36. Qxa1 Qc7 37. Qc3 Qb6 38. Nd3 Be7 39. Ne5 c5 40. dxc5 Qxc5 41. Qxc5 Bxc5 42. Nc6 Kf6 43. Kf3 Bb6 44. Ke2 Ke6 45. Kd3 Kd6 46. Nd4 Ke5 47. f4+ Kf6 48. Nf3 Kf5 49. h3 Ke6 50. g4 Kf6 51. h4 Kg7 52. Ne5 f6 53. Nc6 Bc5 54. Nd4 Bb6 55. f5 Ba7 56. Ne6+ Kh7 57. fxg6+ Kxg6 58. Nf4+ 1-0

[Event "Mittelrhein-chT 1112"]
[Site "Germany"]
[Date "2012.05.06"]
[Round "12.5"]
[White "Pissarev, Boris"]
[Black "Hoefner, Christoph"]
[Result "1-0"]
[WhiteElo "1938"]
[BlackElo "1836"]
[PlyCount "117"]
[EventDate "2011.09.11"]
[EventType "team-tourn"]
[EventRounds "13"]
[EventCountry "GER"]
[SourceTitle "EXT 2013"]
[Source "ChessBase"]
[SourceDate "2012.11.22"]
[SourceVersion "1"]
[SourceVersionDate "2012.11.22"]
[SourceQuality "1"]
[WhiteTeam "Bonn Beuel"]
[BlackTeam "Bruehl II"]
[WhiteTeamCountry "GER"]
[BlackTeamCountry "GER"]

1. d4 d5 2. Nf3 Nf6 3. c4 e6 4. Nc3 c5 5. cxd5 exd5 6. g3 Nc6 7. Bg2 Be6 8. 0-0 Be7 9. Be3 c4 10. Bf4 0-0 11. Ne5 Rc8 12. Nxc6 Rxc6 13. Qc2 Qd7 14. e4 dxe4 15. Nxe4 Nd5 16. Ng5 Bf5 17. Be4 Bxe4 18. Qxe4 f5 19. Qf3 Nxf4 20. Qxf4 Bxg5 21. Qxg5 Qxd4 22. Rfd1 Qf6 23. Qxf6 Rcxf6 24. Rd4 b5 25. Rd7 R6f7 26. Rad1 g6 27. R1d5 Rxd7 28. Rxd7 Rf7 29. Rd8+ Kg7 30. Rb8 a6 31. Kf1 f4 32. Ke2 fxg3 33. fxg3 Re7+ 34. Kd2 Kf6 35. a4 Re5 36. Rb6+ Re6 37. Rb7 bxa4 38. Rc7 Rb6 39. Kc2 Re6 40. Rxh7 Rc6 41. Kc3 Rb6 42. Ra7 Rb3+ 43. Kc2 Rf3 44. Rxa6+ Kf5 45. Rxa4 Rf2+ 46. Kc3 Rxh2 47. Rxc4 Rh3 48. Rf4+ Ke5 49. Rf3 g5 50. Rd3 Rh1 51. b4 Rc1+ 52. Kb3 Ke4 53. Rc3 Rb1+ 54. Kc4 g4 55. b5 Rd1 56. b6 Rb1 57. Rb3 Rc1+ 58. Kb4 Kd5 59. b7 1-0

[Event "Mittelrhein-chT 1112"]
[Site "Germany"]
[Date "2012.02.05"]
[Round "8.6"]
[White "Sondors, Peteris"]
[Black "Pissarev, Boris"]
[Result "1-0"]
[WhiteElo "2041"]
[BlackElo "1938"]
[PlyCount "159"]
[EventDate "2011.09.11"]
[EventType "team-tourn"]
[EventRounds "13"]
[EventCountry "GER"]
[SourceTitle "EXT 2013"]
[Source "ChessBase"]
[SourceDate "2012.11.22"]
[SourceVersion "1"]
[SourceVersionDate "2012.11.22"]
[SourceQuality "1"]
[WhiteTeam "Godesberg III"]
[BlackTeam "Bonn Beuel"]
[WhiteTeamCountry "GER"]
[BlackTeamCountry "GER"]

1. c4 f5 2. Nc3 Nf6 3. d4 e6 4. g3 d5 5. Bf4 c6 6. e3 Be7 7. Nf3 0-0 8. Be2 Ne4 9. 0-0 Nd7 10. Be5 Ndf6 11. Qc2 Qe8 12. Kg2 g5 13. Nd2 Qg6 14. f3 Nxd2 15. Qxd2 g4 16. Bxf6 gxf3+ 17. Rxf3 Bxf6 18. Raf1 Bd7 19. Bd3 Kh8 20. Ne2 Rae8 21. Nf4 Qh6 22. Qb4 Bc8 23. a4 Be7 24. Qc3 Bf6 25. b4 a6 26. cxd5 cxd5 27. b5 axb5 28. Bxb5 Rd8 29. Qc7 Qg7 30. Qb6 Qe7 31. Nd3 Qd6 32. Qxd6 Rxd6 33. Rc1 Rdd8 34. Rc7 Kg8 35. Rf2 Rf7 36. Rfc2 Rxc7 37. Rxc7 Bg7 38. Kf3 Bf8 39. Rc3 Bd6 40. Rb3 Kg7 41. Nf4 Kf6 42. h3 Rf8 43. Bd3 Bc7 44. Bb5 Bd6 45. Rb2 Rf7 46. Rg2 Rc7 47. g4 Bxf4 48. Kxf4 fxg4 49. Rxg4 Bd7 50. Bxd7 Rxd7 51. Rh4 Rf7 52. a5 Ke7+ 53. Kg3 Kd6 54. Rh6 Kd7 55. Rh5 Kc6 56. Re5 Kd6 57. h4 Rg7+ 58. Kf3 Rf7+ 59. Ke2 Re7 60. Kd3 Rc7 61. Rh5 Kc6 62. Rg5 Kd6 63. h5 Rf7 64. h6 Rf6 65. Rg7 Rxh6 66. Rxb7 Rh1 67. a6 Kc6 68. Re7 Kd6 69. a7 Ra1 70. Rxh7 Ra3+ 71. Ke2 Ra2+ 72. Kf3 Ra1 73. Kf4 Rf1+ 74. Kg5 Ra1 75. Kf6 Ra2 76. Rf7 Ra1 77. Kg7 Ra3 78. Kf8 Kc6 79. Re7 Kb5 80. Kf7 1-0

[Event "Mittelrhein-chT 1112"]
[Site "Germany"]
[Date "2011.09.11"]
[Round "1.6"]
[White "Kneutgen, Alexander"]
[Black "Pissarev, Boris"]
[Result "1-0"]
[WhiteElo "2036"]
[BlackElo "1938"]
[PlyCount "81"]
[EventDate "2011.09.11"]
[EventType "team-tourn"]
[EventRounds "13"]
[EventCountry "GER"]
[SourceTitle "EXT 2013"]
[Source "ChessBase"]
[SourceDate "2012.11.22"]
[SourceVersion "1"]
[SourceVersionDate "2012.11.22"]
[SourceQuality "1"]
[WhiteTeam "Niederkassel"]
[BlackTeam "Bonn Beuel"]
[WhiteTeamCountry "GER"]
[BlackTeamCountry "GER"]

1. e4 c5 2. Nc3 Nc6 3. g3 g6 4. Bg2 Bg7 5. d3 e6 6. Be3 d6 7. f4 Nge7 8. Nf3 Nd4 9. 0-0 Nec6 10. e5 dxe5 11. fxe5 Nxe5 12. Nxe5 Bxe5 13. Ne4 Nf5 14. Bf2 Bxb2 15. c3 Bxa1 16. Qxa1 b6 17. g4 Rg8 18. c4 Rb8 19. Nf6+ Kf8 20. gxf5 Bb7 21. Nxg8 Kxg8 22. fxe6 fxe6 23. Qe5 Qe8 24. Bg3 Bxg2 25. Qxb8 Qxb8 26. Bxb8 Bxf1 27. Kxf1 a6 28. Ba7 b5 29. Bxc5 Kf7 30. Bd4 Ke7 31. Be5 Kd7 32. c5 Kc6 33. d4 Kd5 34. Ke2 g5 35. Kd3 h5 36. Kc3 a5 37. Kb3 g4 38. Kc3 h4 39. Kd3 b4 40. a3 bxa3 41. Kc2 1-0

[Event "Regionalliga Mittelrhein 1011"]
[Site "Germany"]
[Date "2011.02.27"]
[Round "6.7"]
[White "Kirchner, Gerd"]
[Black "Pissarev, Boris"]
[Result "1/2-1/2"]
[WhiteElo "1888"]
[BlackElo "1966"]
[PlyCount "72"]
[EventDate "2010.10.24"]
[EventType "team"]
[EventRounds "9"]
[EventCountry "GER"]
[SourceTitle "EXT 2015"]
[Source "ChessBase"]
[SourceDate "2014.11.20"]
[SourceVersion "1"]
[SourceVersionDate "2014.11.20"]
[SourceQuality "1"]
[WhiteTeam "Horrem"]
[BlackTeam "Bonn Beuel"]
[WhiteTeamCountry "GER"]
[BlackTeamCountry "GER"]

1. d4 Nf6 2. c4 e6 3. Nc3 Bb4 4. Qc2 d5 5. a3 Be7 6. Bf4 c6 7. e3 Nbd7 8. Nf3 Nh5 9. cxd5 exd5 10. Nxd5 Qa5+ 11. Nc3 Nxf4 12. exf4 Nb6 13. Bd3 Nd5 14. 0-0 Nxf4 15. Rfe1 Nxd3 16. Qxd3 Be6 17. b4 Qd8 18. Rad1 0-0 19. d5 cxd5 20. Nxd5 Bf6 21. Qb5 Bxd5 22. Rxd5 Qb6 23. Qxb6 axb6 24. Rb5 Ra6 25. g3 Rc8 26. Re3 Kf8 27. Ne5 Bxe5 28. Rbxe5 f6 29. Re7 Rxa3 30. Rxb7 Rxe3 31. fxe3 Rc2 32. Rxb6 Re2 33. Rb7 Rxe3 34. Kf2 Rb3 35. h4 h5 36. b5 Kg8 1/2-1/2

[Event "Regionalliga Mittelrhein 1011"]
[Site "Germany"]
[Date "2010.12.12"]
[Round "3.6"]
[White "Engel, Knut"]
[Black "Pissarev, Boris"]
[Result "1/2-1/2"]
[WhiteElo "1920"]
[BlackElo "1966"]
[PlyCount "74"]
[EventDate "2010.10.24"]
[EventType "team"]
[EventRounds "9"]
[EventCountry "GER"]
[SourceTitle "EXT 2015"]
[Source "ChessBase"]
[SourceDate "2014.11.20"]
[SourceVersion "1"]
[SourceVersionDate "2014.11.20"]
[SourceQuality "1"]
[WhiteTeam "Euskirchen Turm"]
[BlackTeam "Bonn Beuel"]
[WhiteTeamCountry "GER"]
[BlackTeamCountry "GER"]

1. d4 d5 2. Nf3 c6 3. c4 e6 4. e3 Nf6 5. Nc3 Nbd7 6. Bd3 Be7 7. 0-0 0-0 8. e4 dxe4 9. Nxe4 b6 10. b3 Bb7 11. Bb2 c5 12. Qe2 Nxe4 13. Bxe4 Bxe4 14. Qxe4 Bf6 15. Rad1 Qc7 16. Rd2 Rad8 17. Rfd1 Rfe8 18. Ne5 Nxe5 19. dxe5 Rxd2 20. Rxd2 Be7 21. f4 g6 22. Rd3 Rd8 23. h3 Rxd3 24. Qxd3 Qd8 25. Qxd8+ Bxd8 26. Kf2 h5 27. g4 hxg4 28. hxg4 Kf8 29. Kf3 Ke8 30. Ke4 Kd7 31. f5 gxf5+ 32. gxf5 exf5+ 33. Kxf5 a6 34. Bc1 Be7 35. Bd2 a5 36. a4 Bd8 37. Bc3 Be7 1/2-1/2

[Event "Regionalliga Mittelrhein 1011"]
[Site "Germany"]
[Date "2010.10.24"]
[Round "1.7"]
[White "Mauelshagen, Martin"]
[Black "Pissarev, Boris"]
[Result "1-0"]
[WhiteElo "2050"]
[BlackElo "1966"]
[PlyCount "81"]
[EventDate "2010.10.24"]
[EventType "team"]
[EventRounds "9"]
[EventCountry "GER"]
[SourceTitle "EXT 2015"]
[Source "ChessBase"]
[SourceDate "2014.11.20"]
[SourceVersion "1"]
[SourceVersionDate "2014.11.20"]
[SourceQuality "1"]
[WhiteTeam "Godesberg III"]
[BlackTeam "Bonn Beuel"]
[WhiteTeamCountry "GER"]
[BlackTeamCountry "GER"]

1. d4 e6 2. Nf3 d5 3. Bf4 f5 4. e3 Nf6 5. c4 Be7 6. Nc3 c6 7. h3 Nbd7 8. Bd3 Ne4 9. Ne5 Ndf6 10. f3 Nxc3 11. bxc3 Nh5 12. Bh2 Bh4+ 13. Kd2 Bg3 14. Bxg3 Nxg3 15. Rg1 Qh4 16. f4 Ne4+ 17. Bxe4 Qf2+ 18. Qe2 Qxe2+ 19. Kxe2 dxe4 20. Rab1 Ke7 21. c5 Rd8 22. Rb2 Rd7 23. Nxd7 Kxd7 24. g4 g6 25. h4 b6 26. cxb6 axb6 27. gxf5 exf5 28. h5 Ba6+ 29. Kd2 Bc4 30. hxg6 hxg6 31. Rxg6 b5 32. Ke1 Rh8 33. Rbg2 Rh1+ 34. Rg1 Rh2 35. R6g2 Rh3 36. Rg3 Rh2 37. Rg7+ Kd8 38. R1g6 Re2+ 39. Kd1 Rxa2 40. Rh6 Ra1+ 41. Kd2 1-0

[Event "GER-ch Seniors-A 17th"]
[Site "Essen"]
[Date "2005.08.25"]
[Round "6"]
[White "Pissarev, Boris"]
[Black "Neumeister, Herbert D"]
[Result "1-0"]
[WhiteElo "2063"]
[BlackElo "1947"]
[PlyCount "38"]
[EventDate "2005.08.20"]
[EventType "swiss"]
[EventRounds "9"]
[EventCountry "GER"]
[SourceTitle "CBM 108 Extra"]
[Source "ChessBase"]
[SourceDate "2005.11.04"]
[SourceVersion "1"]
[SourceVersionDate "2005.11.04"]
[SourceQuality "1"]

1. c4 Nf6 2. g3 g6 3. Bg2 Bg7 4. Nf3 d6 5. 0-0 0-0 6. d4 Nbd7 7. Nc3 c5 8. d5 Rb8 9. Qc2 Nb6 10. Nd2 Bd7 11. b3 Na8 12. a4 b6 13. Bb2 Nc7 14. e4 a6 15. f4 b5 16. axb5 axb5 17. Nd1 bxc4 18. bxc4 e6 19. e5 exd5 1-0

[Event "GER-ch Seniors-A 17th"]
[Site "Essen"]
[Date "2005.08.22"]
[Round "3"]
[White "Hottes, Dieter"]
[Black "Pissarev, Boris"]
[Result "1/2-1/2"]
[WhiteElo "2218"]
[BlackElo "2063"]
[PlyCount "39"]
[EventDate "2005.08.20"]
[EventType "swiss"]
[EventRounds "9"]
[EventCountry "GER"]
[SourceTitle "CBM 108 Extra"]
[Source "ChessBase"]
[SourceDate "2005.11.04"]
[SourceVersion "1"]
[SourceVersionDate "2005.11.04"]
[SourceQuality "1"]

1. c4 Nf6 2. Nc3 e6 3. Nf3 d5 4. d4 c6 5. Qd3 Nbd7 6. g3 Bd6 7. Bg2 0-0 8. 0-0 dxc4 9. Qxc4 e5 10. e4 exd4 11. Qxd4 Qe7 12. Bg5 Ne5 13. Rad1 Nxf3+ 14. Bxf3 Be5 15. Qd2 Bh3 16. Rfe1 Rad8 17. Qc2 Qe6 18. b3 Bg4 19. Rxd8 Rxd8 20. Bg2 1/2-1/2

[Event "Wch Seniors 14th"]
[Site "Halle"]
[Date "2004.11.04"]
[Round "10"]
[White "Masich, Vladimir"]
[Black "Pissarev, Boris"]
[Result "1-0"]
[WhiteElo "2093"]
[BlackElo "1958"]
[PlyCount "116"]
[EventDate "2004.10.24"]
[EventType "swiss"]
[EventRounds "11"]
[EventCountry "GER"]
[SourceTitle "EXT 2005"]
[Source "ChessBase"]
[SourceDate "2004.11.15"]
[SourceVersion "1"]
[SourceVersionDate "2004.11.15"]
[SourceQuality "1"]

1. e4 e5 2. Nf3 Nc6 3. Bb5 a6 4. Ba4 Nf6 5. Bxc6 dxc6 6. d3 Qd6 7. Nbd2 Be6 8. 0-0 Be7 9. b3 Nd7 10. a4 c5 11. Bb2 Bf6 12. Qe2 0-0 13. Nc4 Bxc4 14. dxc4 Qe7 15. Rfd1 Rad8 16. Rd3 Nb8 17. Rad1 Rxd3 18. Rxd3 Nc6 19. Qd1 Nb4 20. Rd7 Rd8 21. Rxd8+ Qxd8 22. Qxd8+ Bxd8 23. Bxe5 Nxc2 24. Bc3 Kf8 25. Kf1 Nb4 26. Ke2 Nc6 27. Ne5 Nxe5 28. Bxe5 g6 29. g4 Ke7 30. f4 Ke6 31. Bc3 f5 32. exf5+ gxf5 33. g5 Kf7 34. Kf3 Kg6 35. Kg3 Be7 36. Be5 c6 37. a5 Bd8 38. Bc3 Kh5 39. Be1 Be7 40. Kf3 Bd6 41. h3 Be7 42. Ke3 Bd6 43. Kf3 Be7 44. Bc3 Bd8 45. b4 Be7 46. bxc5 Bxc5 47. Bf6 b5 48. axb6 Bxb6 49. Bc3 a5 50. c5 Bd8 51. Ke3 Kh4 52. Bf6 Kxh3 53. Bxd8 a4 54. Kf3 a3 55. Bf6 a2 56. Ba1 Kh2 57. Ke3 Kg3 58. Be5 Kg2 1-0

[Event "GER-chT Seniors 09th"]
[Site "Halle"]
[Date "2000.08.21"]
[Round "2.2"]
[White "Gudat, Alfons"]
[Black "Pissarev, Boris"]
[Result "1-0"]
[WhiteElo "2072"]
[BlackElo "1852"]
[PlyCount "143"]
[EventDate "2000.08.20"]
[EventType "team"]
[EventRounds "7"]
[EventCountry "GER"]
[SourceTitle "EXT 2002"]
[Source "ChessBase"]
[SourceDate "2001.11.25"]
[SourceVersion "1"]
[SourceVersionDate "2001.11.25"]
[SourceQuality "1"]

1. e4 c5 2. Nf3 Nc6 3. Bb5 g6 4. 0-0 Bg7 5. c3 Qb6 6. a4 a6 7. Bc4 e6 8. Re1 d6 9. d3 Nge7 10. Bf4 e5 11. Bc1 0-0 12. Nbd2 Qc7 13. Nf1 Bd7 14. h4 Nd8 15. Bg5 Re8 16. Ne3 Be6 17. a5 h6 18. Bxe7 Qxe7 19. Bxe6 fxe6 20. g3 Kh7 21. Nc4 Nc6 22. Kg2 Rad8 23. h5 g5 24. Ne3 Rf8 25. Ng4 Rd7 26. Nd2 Qd8 27. Nc4 d5 28. exd5 Rxd5 29. Qe2 Rxd3 30. Qe4+ Kg8 31. Nce3 Rd2 32. Qg6 Kh8 33. Rad1 Rxd1 34. Rxd1 Qe8 35. Qxe8 Rxe8 36. Nc4 Re7 37. Kf3 Kg8 38. Ke4 Kh7 39. Rd6 Kg8 40. Ngxe5 Bxe5 41. Nxe5 Nxa5 42. Rd8+ Kg7 43. Rc8 Nc6 44. Nxc6 bxc6 45. Rxc6 Rb7 46. Ke5 Rxb2 47. Rc7+ Kf8 48. f4 gxf4 49. gxf4 Rf2 50. Rxc5 Ke7 51. Rc7+ Kd8 52. Rh7 a5 53. Rxh6 Rc2 54. Kd6 Kc8 55. Rxe6 Rxc3 56. Re5 a4 57. Ra5 Rh3 58. Rxa4 Rxh5 59. Ra8+ Kb7 60. Re8 Rf5 61. Re4 Kc8 62. Ke6 Ra5 63. Rd4 Ra1 64. f5 Ra6+ 65. Rd6 Ra1 66. f6 Re1+ 67. Kf7 Rf1 68. Rd2 Rf3 69. Ke7 Re3+ 70. Kf8 Rf3 71. f7 Rf1 72. Rg2 1-0